000 00665nam a2200217Ia 4500
005 20220719154902.0
008 210716s2010 xx 000 0 und d
020 _a9788126526673
040 _cAIMIT LIBRARY
041 _aeng
082 _a005.3002
_21
_bWALJ
100 _aWalkenbach, John.
_951403
245 _aExcel 2010 power programming with vba /
_cBy John Walkenbach.
250 _a1st ed.
260 _aNew Delhi :
_bWiley India Pvt Ltd ,
_c2010.
300 _axxiv,1052p. ;
_c24.5 cm.
650 _aWorking with userforms
_951404
650 _aDeveloping applications
_951405
650 _aAppendixes
_951406
942 _2ddc
_cBK
_e1st
_k005.3002 WALJ
999 _c190852
_d190852